Analogies #5 - Statistics

General Stats
  • This quiz has been taken 87,479 times
    47,201 since last reset
  • The average score is 15 of 20
Answer Stats
This is to this ... As ... % Correct
Bank is to Money Library is to {Books}
97%
Peace is to War {Night} is to Day
97%
Calf is to Cow {Kitten} is to Cat
95%
Tea is to Leaf Coffee is to {Bean}
93%
2 is to nd 11 is to {th}
89%
Scene is to Play {Chapter} is to Book
89%
High is to Low Deep is to {Shallow}
87%
Bridesmaid is to Maid of Honor Groomsman is to {Best} {Man}
84%
Strong is to Ox Sly is to {Fox}
81%
Sinophile is to China Anglophile is to {England}
76%
Pesto is to Basil Hummus is to {Chickpea}
76%
Two is to Secondary Three is to {Tertiary}
70%
Ultimate is to Last {Penultimate} is to Next to Last
68%
Mascara is to Eyelashes Nylons are to {Legs}
62%
München is to Munich Köln is to {Cologne}
61%
Mega is to Million {Giga} is to Billion
54%
Tennis is to Racket Croquet is to {Mallet}
50%
Ambrosia is to Food {Nectar} is to Drink
46%
Neil Harris is to Patrick Phillip Hoffman is to {Seymour}
45%
LAX is to Los Angeles CDG is to {Paris}
44%
No matching quizzes found
Score Distribution
Percent of People with Each Score
Percentile by Number Answered
Your Score History
You have not taken this quiz since the last reset